Logo BPK

Biblioteka

Politechniki Koszalińskiej

Kodeks handlowy z komentarzem oraz zasady działania wszystkich podmiotów gospodarczych : (Rekord nr 32041)

Szczegóły MARC
000 -ETYKIETA REKORDU
podpole kontrolne o stałej długości 00734nam a2200205 i 4500
001 - NUMER KONTROLNY REKORDU
pole kontrolne bg
020 ## - MIĘDZYNARODOWY ZNORMALIZOWANY NUMER KSIĄŻKI - ISBN
ISBN 8386145064
040 ## - ŹRÓDŁO KATALOGOWANIA
Instytucja, która utworzyła rekord BPK
041 0# - KOD JĘZYKA
Kod języka tekstu pl
080 ## - UNIWERSALNA KLASYFIKACJA DZIESIĘTNA - UKD
UKD 347.7(438)
920 ## - Międzynarodowy znormalizowany numer książki – ISBN
ISBN 83-86145-06-4
008 - POLE O STAŁEJ DŁUGOŚCI - DANE KONTROLNE
podpole kontrolne o stałej długości s pl f |000 0 pol
100 1# - NAZWA OSOBOWA
Nazwa osobowa SPOCZYŃSKA, Ewa
245 10 - TYTUŁ/ODPOWIEDZIALNOŚĆ
Tytuł Kodeks handlowy z komentarzem oraz zasady działania wszystkich podmiotów gospodarczych :
Ciąg dalszy tytułu według stanu prawnego na dzień 1 marca 1994 r. /
Pozostałe elementy strefy tytułu i oznaczenia odpowiedzialności oprac. Ewa Spoczyńska ; Przedsiębiorstwo Handlowo-Usługowe "Sigma".
260 ## - STREFA ADRESU WYDAWNICZEGO
Miejsce wydania Skierniewice :
Nazwa wydawcy/dystrybutora "Sigma". Zakład Doradztwa Organizacyjno-Finansowego,
Data publikacji, dystrybucji/powstania dokumentu 1994.
300 ## - STREFA OPISU FIZYCZNEGO
Objętość 380 s. ;
Rozmiary 21 cm.
650 #9 - HASŁO PRZEDMIOTOWE W FORMIE NAZWY OGÓLNEJ LUB JEDNOSTKOWEJ
Nazwa ogólna lub geograficzna Prawo handlowe
Określnik geograficzny Polska
650 #9 - HASŁO PRZEDMIOTOWE W FORMIE NAZWY OGÓLNEJ LUB JEDNOSTKOWEJ
Nazwa ogólna lub geograficzna Spółki
Określnik ogólny prawo
Określnik geograficzny Polska
856 ## - LOKALIZACJA I DOSTĘP DO ELEKTRONICZNYCH DOKUMENTÓW ZDALNYCH
Link (URL) http://koha.tu.koszalin.pl/cgi-bin/koha/opac-detail.pl?biblionumber=32041
Tekst linku Katalog online BPK
942 ## - DODATKOWE ELEMENTY (KOHA)
Typ dokumentu Książka
Egzemplarze
Wycofany Status egzemplarza Uszkodzony Dostępność Lokalizacja stała Lokalizacja bieżąca Miejsce przechowywania Sygnatura Kod kreskowy Typ dokumentu
      Dostępny Biblioteka Politechniki Koszalińskiej Biblioteka Politechniki Koszalińskiej Wypożyczalnia BG 40161 01264869 Książka
© 2023 Biblioteka Politechniki Koszalińskiej :: KOHA